[Event "Mistrzostwa Malopolski B"]
[Site "Krakow, Hotel Europejski"]
[Date "2013.??.??"]
[Round "1.1"]
[White "Drop, Szymon"]
[Black "Poreba, Witold"]
[Result "1-0"]
[WhiteElo "1789"]
[BlackElo "1474"]
[PlyCount "107"]
[EventDate "2013.??.??"]

1. e4 e5 2. Nf3 Nc6 3. Bb5 a6 4. Ba4 Nf6 5. O-O d6 6. Re1 b5 7. Bb3 Be7 8. c3
Bg4 9. d4 exd4 10. cxd4 Bxf3 11. gxf3 O-O 12. Nc3 Na5 13. Bc2 Nc4 14. b3 Nb6
15. Qd3 g6 16. Be3 d5 17. e5 Nh5 18. Ne2 f5 19. Bh6 Rf7 20. Ng3 Bg5 21. e6 Nf4
22. exf7+ Kxf7 23. Bxg5 Nxd3 24. Bxd8 Nxe1 25. Rxe1 Rxd8 26. f4 Nd7 27. b4 Nb6
28. Bb3 Nc4 29. f3 Re8 30. Rxe8 Kxe8 31. Kf2 c6 32. Bxc4 dxc4 33. Ke3 Ke7 34.
d5 cxd5 35. Kd4 Kf6 36. Ne2 g5 37. Kxd5 g4 38. fxg4 fxg4 39. Ke4 h5 40. Nc3 h4
41. Nd5+ Kg6 42. f5+ Kf7 43. Kf4 g3 44. hxg3 h3 45. Kf3 c3 46. Nxc3 Kf6 47. g4
Ke5 48. Kg3 Kd4 49. f6 Kxc3 50. f7 Kxb4 51. f8=Q+ Kc4 52. g5 b4 53. g6 a5 54.
g7 1-0

[Event "Mistrzostwa Malopolski B"]
[Site "Krakow, Hotel Europejski"]
[Date "2013.??.??"]
[Round "1.2"]
[White "Platek, Albert"]
[Black "Rojek, Stanislaw"]
[Result "0-1"]
[WhiteElo "1472"]
[BlackElo "1764"]
[PlyCount "59"]
[EventDate "2013.??.??"]

1. e4 c5 2. Nf3 d6 3. d4 cxd4 4. Nxd4 Nf6 5. Nc3 a6 6. Bd3 e6 7. Qf3 Nbd7 8.
Bg5 Be7 9. Qe2 Qc7 10. O-O O-O 11. Kh1 b5 12. f4 Nc5 13. e5 Ne8 14. Bxe7 Qxe7
15. Rf3 Bb7 16. Rh3 Nxd3 17. Qxd3 g6 18. Re1 Rd8 19. Rh6 dxe5 20. Rxe5 Qf6 21.
Nce2 Rd5 22. Qe3 Nd6 23. b3 Rd8 24. c3 Nf5 25. Nxf5 Rd1+ 26. Ng1 exf5 27. Rh3
Be4 28. Qc5 Qd6 29. Re3 Rf1 30. R5xe4 0-1

[Event "Mistrzostwa Malopolski B"]
[Site "Krakow, Hotel Europejski"]
[Date "2013.??.??"]
[Round "1.3"]
[White "Kowalewski, Wladyslaw"]
[Black "Litwin, Adam"]
[Result "1/2-1/2"]
[WhiteElo "1732"]
[BlackElo "1462"]
[PlyCount "70"]
[EventDate "2013.??.??"]

1. e4 c5 2. f4 d6 3. Nf3 Nc6 4. Bc4 e6 5. O-O a6 6. a4 d5 7. exd5 exd5 8. Ba2
Nf6 9. c3 Be7 10. Ne5 O-O 11. d4 cxd4 12. cxd4 Qb6 13. Nxc6 bxc6 14. Nc3 Bf5
15. h3 Bb4 16. Be3 Rfe8 17. Bf2 Bxc3 18. bxc3 Ne4 19. Be1 Rab8 20. c4 c5 21.
cxd5 cxd4 22. Kh1 Qb2 23. Bc4 Nc5 24. Rf2 Bc2 25. Rxc2 Rxe1+ 26. Qxe1 Qxc2 27.
Rc1 Qxa4 28. d6 Qd7 29. Qe5 Nb7 30. Bxa6 Nxd6 31. Qxd4 Qe7 32. Qc5 g6 33. Rd1
Rd8 34. Kh2 Qf6 35. Qe3 Kg7 1/2-1/2

[Event "Mistrzostwa Malopolski B"]
[Site "Krakow, Hotel Europejski"]
[Date "2013.??.??"]
[Round "1.4"]
[White "Sowinski, Krzysztof"]
[Black "Tracz, Marcelina"]
[Result "0-1"]
[WhiteElo "1455"]
[BlackElo "1711"]
[PlyCount "88"]
[EventDate "2013.??.??"]

1. e4 e5 2. f4 d5 3. exd5 Qxd5 4. Nc3 Qe6 5. fxe5 Qxe5+ 6. Qe2 Bd6 7. Nf3 Qe7
8. d4 Bf5 9. Ne5 Nf6 10. Bg5 c6 11. O-O-O Nbd7 12. Qf2 Be6 13. Nxd7 Kxd7 14.
Re1 h6 15. d5 hxg5 16. dxe6+ fxe6 17. Bc4 e5 18. Qf5+ Kc7 19. h3 Rhf8 20. Qxg5
Nd7 21. Qg6 Rf6 22. Qh5 Rf2 23. Qg4 Raf8 24. Kb1 R8f4 25. Qg3 Qh4 26. Qxh4 Rxh4
27. g4 Rf3 28. Bf1 Bb4 29. Bg2 Bxc3 30. Bxf3 Bxe1 31. Rxe1 Rxh3 32. Be4 Rg3 33.
Bf5 g6 34. Bxg6 Rxg4 35. Bf5 Rf4 36. Bxd7 Kxd7 37. c3 Kd6 38. Kc2 Kd5 39. Kd2
Rf2+ 40. Re2 Rxe2+ 41. Kxe2 b5 42. Ke3 a5 43. b4 axb4 44. cxb4 Kc4 0-1

[Event "Mistrzostwa Malopolski B"]
[Site "?"]
[Date "2013.??.??"]
[Round "?"]
[White "Szczepanski, Henryk"]
[Black "Kowicki, Adam"]
[Result "1-0"]
[WhiteElo "1706"]
[BlackElo "1445"]
[PlyCount "98"]
[EventDate "2013.04.28"]
[SourceDate "2013.04.28"]

1. d4 Nf6 2. c4 e6 3. Nf3 d5 4. Nc3 Bb4 5. cxd5 Nxd5 6. Bd2 Nxc3 7. bxc3 Be7 8.
e4 O-O 9. Bd3 c5 10. O-O Bf6 11. e5 Be7 12. Qe2 Nc6 13. Qe4 g6 14. Bh6 Re8 15.
Rad1 cxd4 16. cxd4 Qd5 17. Qf4 Bf8 18. Bxf8 Rxf8 19. Qh6 f6 20. exf6 Rxf6 21.
Ng5 Qd7 22. Ne4 Rf7 23. Bc4 Qe7 24. Rfe1 Qf8 25. Qxf8+ Kxf8 26. Ng5 Re7 27.
Nxe6+ Bxe6 28. Bxe6 Rae8 29. d5 Nd8 30. g4 Nxe6 31. dxe6 Rxe6 32. Rxe6 Rxe6 33.
Kg2 g5 34. Rd5 h6 35. a4 b6 36. a5 bxa5 37. Rxa5 a6 38. Kg3 Kf7 39. h4 Kg6 40.
Rc5 Kf6 41. Rc8 Kf7 42. Rc7+ Re7 43. Rc5 Kf6 44. Rf5+ Kg6 45. Rd5 Kf6 46. Rd8
Kf7 47. Rh8 Kg7 48. Ra8 Re6 49. Ra7+ Kf6 1-0

[Event "Mistrzostwa Malopolski B"]
[Site "Krakow, Hotel Europejski"]
[Date "2013.??.??"]
[Round "2.1"]
[White "Luczka, Szymon"]
[Black "Drop, Szymon"]
[Result "1-0"]
[WhiteElo "1596"]
[BlackElo "1789"]
[PlyCount "138"]
[EventDate "2013.??.??"]

1. d4 d5 2. c4 e6 3. Nc3 Nf6 4. Bg5 Be7 5. e3 O-O 6. Nf3 b6 7. cxd5 exd5 8. Bd3
Bb7 9. Qc2 h6 10. Bxf6 Bxf6 11. g4 c5 12. O-O-O c4 13. Be2 Bh4 14. Nxh4 Qxh4
15. Qf5 Na6 16. Rdg1 g6 17. Qf3 Nc7 18. g5 b5 19. Rg4 Qh5 20. Qg3 Ne6 21. f4
hxg5 22. Rxg5 Qh6 23. Rh5 Qg7 24. Rh4 b4 25. Nd1 f5 26. Rg1 Kf7 27. Qh3 Rh8 28.
Bh5 Nf8 29. Qxf5+ Qf6 30. Bxg6+ Nxg6 31. Qd7+ Qe7 32. Qf5+ Qf6 33. Qd7+ Qe7 34.
Qf5+ Qf6 35. Qd7+ Ne7 36. Rxh8 Qxh8 37. Qxb7 b3 38. axb3 Rb8 39. Qd7 cxb3 40.
Rg2 Rc8+ 41. Nc3 Qh4 42. Kd2 Qh7 43. f5 Rc6 44. Kd3 Qh5 45. Nxd5 Qd1+ 46. Ke4
Qb1+ 47. Ke5 Qxf5+ 48. Qxf5+ Nxf5 49. Kxf5 Rc2 50. Rg1 Rxb2 51. Ke4 a5 52. Nc3
Rxh2 53. Rb1 a4 54. Nxa4 Ra2 55. Nc3 Ra3 56. Kd3 Ke6 57. Kc4 Ra8 58. Rxb3 Rc8+
59. Kd3 Rh8 60. e4 Rh3+ 61. Kc4 Kd7 62. e5 Kc7 63. d5 Rh4+ 64. Kc5 Rh5 65. e6
Rh7 66. Nb5+ Kd8 67. d6 Rh6 68. Nd4 Kc8 69. Kc6 Rh5 1-0

[Event "Mistrzostwa Malopolski B"]
[Site "Krakow, Hotel Europejski"]
[Date "2013.??.??"]
[Round "2.2"]
[White "Rojek, Stanislaw"]
[Black "Leczek, Weronika"]
[Result "0-1"]
[WhiteElo "1764"]
[BlackElo "1594"]
[PlyCount "80"]
[EventDate "2013.??.??"]

1. e4 c5 2. Nf3 Nc6 3. d4 cxd4 4. Nxd4 Nf6 5. Nc3 d6 6. Bg5 e6 7. Qd2 Be7 8.
Be3 a6 9. f3 Qc7 10. O-O-O O-O 11. g4 b5 12. h4 Bb7 13. h5 Nd7 14. g5 Nc5 15.
g6 hxg6 16. hxg6 fxg6 17. Bh3 Rf6 18. Nxe6 Nxe6 19. Nd5 Qd7 20. Bg5 Rxf3 21.
Nb6 Bxg5 22. Qxg5 Nxg5 23. Bxd7 Rd8 24. Rxd6 Ne5 25. Rhd1 Nxd7 26. Nxd7 Rc8 27.
Nb6 Re8 28. Rxg6 Nxe4 29. c3 Rg3 30. Rxg3 Nxg3 31. Rd7 Re1+ 32. Kc2 Be4+ 33.
Kb3 Ne2 34. Rd6 g5 35. Nd7 Kg7 36. Nc5 Nc1+ 37. Ka3 Bf5 38. Nxa6 g4 39. Nc5 g3
40. Rd2 Ne2 0-1

[Event "Mistrzostwa Malopolski B"]
[Site "Krakow, Hotel Europejski"]
[Date "2013.??.??"]
[Round "2.3"]
[White "Tracz, Marcelina"]
[Black "Bandyk, Sebastian"]
[Result "1-0"]
[WhiteElo "1711"]
[BlackElo "1582"]
[PlyCount "39"]
[EventDate "2013.??.??"]

1. e4 c5 2. Nf3 e6 3. d4 cxd4 4. Nxd4 Nc6 5. Be3 Nf6 6. Nc3 Bb4 7. Bd3 d5 8.
Nxc6 bxc6 9. e5 d4 10. Bd2 dxc3 11. bxc3 Bc5 12. exf6 Qxf6 13. O-O O-O 14. Qh5
h6 15. Qxc5 Rd8 16. Rab1 e5 17. Rfe1 Rd5 18. Qe3 Be6 19. c4 Rd4 20. Bc3 1-0

[Event "Mistrzostwa Malopolski B"]
[Site "Krakow, Hotel Europejski"]
[Date "2013.??.??"]
[Round "2.4"]
[White "Razny, Pawel"]
[Black "Szczepanski, Henryk"]
[Result "1-0"]
[WhiteElo "1584"]
[BlackElo "1706"]
[PlyCount "81"]
[EventDate "2013.??.??"]

1. Nf3 e6 2. c4 Nf6 3. g3 c6 4. Bg2 d5 5. b3 Be7 6. Bb2 O-O 7. O-O Re8 8. e3
Nbd7 9. d3 Qb6 10. a3 a5 11. Nc3 Nc5 12. d4 Qxb3 13. dxc5 Qxb2 14. Na4 Qxa1 15.
Qxa1 Nd7 16. Nb6 Nxb6 17. cxb6 Bf6 18. Qc1 e5 19. c5 Bf5 20. h3 Bd3 21. Rd1 Bf5
22. g4 Bd7 23. g5 Bd8 24. h4 Bg4 25. Rd2 f6 26. Nh2 Bh5 27. f4 fxg5 28. hxg5
exf4 29. exf4 Rf8 30. Rf2 Be7 31. Bf3 Bf7 32. Bg4 Kh8 33. f5 Bg8 34. Nf3 Rad8
35. Nh4 Bf7 36. Ng6+ Bxg6 37. fxg6 d4 38. Rh2 h6 39. gxh6 Bf6 40. hxg7+ Kxg7
41. Qh6+ 1-0

[Event "Mistrzostwa Malopolski B"]
[Site "Krakow, Hotel Europejski"]
[Date "2013.??.??"]
[Round "2.5"]
[White "Krzeminski, Sebastian"]
[Black "Oleksy, Helena"]
[Result "1-0"]
[WhiteElo "1669"]
[BlackElo "1536"]
[PlyCount "65"]
[EventDate "2013.??.??"]

1. d4 Nf6 2. c4 e6 3. Nc3 d5 4. Bg5 Be7 5. e3 O-O 6. Nf3 Nc6 7. Rc1 h6 8. Bh4
Ne4 9. Bxe7 Qxe7 10. cxd5 Nxc3 11. Rxc3 exd5 12. Bb5 Bd7 13. O-O a6 14. Ba4
Rad8 15. Rc5 b5 16. Bb3 Qf6 17. Bxd5 Ne7 18. Bb3 Rc8 19. Qc2 c6 20. Ne5 Bf5 21.
e4 Be6 22. Rc1 Rfd8 23. Qc3 a5 24. Bxe6 Qxe6 25. d5 cxd5 26. exd5 Rxc5 27. dxe6
Rxc3 28. exf7+ Kf8 29. bxc3 Rc8 30. c4 Nf5 31. c5 Nd6 32. Re1 Nxf7 33. Ng6+ 1-0

[Event "Mistrzostwa Malopolski B"]
[Site "Krakow, Hotel Europejski"]
[Date "2013.??.??"]
[Round "2.13"]
[White "Gawor, Jan Pawel"]
[Black "Bielecki, Andrzej"]
[Result "1-0"]
[WhiteElo "1529"]
[BlackElo "1360"]
[PlyCount "59"]
[EventDate "2013.??.??"]

1. e4 c6 2. d4 d5 3. Nc3 dxe4 4. Nxe4 Bf5 5. Ng3 Bg6 6. h4 h6 7. Nf3 Nf6 8. h5
Bh7 9. Bd3 Bxd3 10. Qxd3 e6 11. Bd2 Bd6 12. O-O-O Nbd7 13. Ne4 Nxe4 14. Qxe4
Nf6 15. Qe2 Qc7 16. Kb1 O-O-O 17. c4 Kb8 18. Bc3 Qe7 19. a3 c5 20. Rh4 Rhe8 21.
Ne5 Nd7 22. Nxd7+ Rxd7 23. Re4 Red8 24. d5 Qg5 25. dxe6 fxe6 26. Rxe6 Qxg2 27.
Rexd6 Rxd6 28. Be5 Kc7 29. Bxd6+ Rxd6 30. Qe7+ 1-0

[Event "Mistrzostwa Malopolski B"]
[Site "Krakow, Hotel Europejski"]
[Date "2013.??.??"]
[Round "3.1"]
[White "Luczka, Szymon"]
[Black "Tracz, Marcelina"]
[Result "1/2-1/2"]
[WhiteElo "1596"]
[BlackElo "1711"]
[PlyCount "61"]
[EventDate "2013.??.??"]

1. d4 d5 2. Nf3 Nf6 3. c4 e6 4. Bg5 Nbd7 5. Nc3 c6 6. e3 Qa5 7. Bxf6 Nxf6 8.
Qc2 Ne4 9. Nd2 Nxd2 10. Qxd2 Be7 11. Bd3 O-O 12. O-O e5 13. cxd5 exd4 14. exd4
cxd5 15. a3 Be6 16. b4 Qd8 17. Na4 b6 18. Rfc1 Rc8 19. Ba6 Rb8 20. Bd3 Rc8 21.
Rxc8 Qxc8 22. Rc1 Qd7 23. Nc3 Rc8 24. Ba6 Rc7 25. Nb5 Rxc1+ 26. Qxc1 Bf6 27.
Qc3 g6 28. h3 h5 29. Kh2 Kg7 30. Qc2 Kg8 31. Qc3 1/2-1/2

[Event "Mistrzostwa Malopolski B"]
[Site "Krakow, Hotel Europejski"]
[Date "2013.??.??"]
[Round "3.2"]
[White "Leczek, Weronika"]
[Black "Krzeminski, Sebastian"]
[Result "0-1"]
[WhiteElo "1594"]
[BlackElo "1669"]
[PlyCount "120"]
[EventDate "2013.??.??"]

1. e4 c6 2. d4 d5 3. e5 Bf5 4. c3 e6 5. Nf3 Nd7 6. Be2 c5 7. O-O Rc8 8. Nbd2 h6
9. Nb3 Ne7 10. Be3 cxd4 11. Nbxd4 Bh7 12. Nb5 Nc6 13. Nxa7 Nxa7 14. Bxa7 b6 15.
Qa4 Qc7 16. Bb5 Rd8 17. Qa6 Ra8 18. Bxb6 Rxa6 19. Bxc7 Ra7 20. Bd6 Bxd6 21.
exd6 Rb7 22. Bc6 Ra7 23. Ne5 f6 24. Nxd7 Rxd7 25. Bxd7+ Kxd7 26. a4 Kxd6 27. a5
Ra8 28. b4 Kc6 29. a6 Kb6 30. Rfe1 e5 31. Red1 Bg8 32. f3 Ra7 33. Ra5 Rxa6 34.
Rda1 Rxa5 35. Rxa5 d4 36. Rc5 Be6 37. c4 h5 38. g3 g5 39. Kf2 g4 40. Rb5+ Kc6
41. f4 e4 42. Rxh5 e3+ 43. Ke1 d3 44. Rc5+ Kb6 45. f5 Bf7 46. Kd1 Be8 47. Rd5
Ba4+ 48. Ke1 d2+ 49. Ke2 Bc6 50. Rd6 Kc7 51. Rxc6+ Kxc6 52. Kd1 Kd6 53. Ke2 Ke5
54. b5 Kd4 55. b6 Kc3 56. b7 Kc2 57. b8=Q d1=Q+ 58. Kxe3 Qd2+ 59. Ke4 Qd3+ 60.
Kf4 Qf3# 0-1

[Event "Mistrzostwa Malopolski B"]
[Site "Krakow, Hotel Europejski"]
[Date "2013.??.??"]
[Round "3.3"]
[White "Razny, Pawel"]
[Black "Adamczyk, Pawel"]
[Result "1/2-1/2"]
[WhiteElo "1584"]
[BlackElo "1645"]
[PlyCount "52"]
[EventDate "2013.??.??"]

1. Nf3 c5 2. g3 Nc6 3. Bg2 g6 4. O-O Bg7 5. d3 e5 6. e4 Nge7 7. Nbd2 d6 8. a4
O-O 9. c3 h6 10. Rb1 a6 11. b4 cxb4 12. cxb4 b5 13. Re1 Be6 14. Nf1 Rc8 15. a5
f5 16. Ne3 f4 17. Nc2 g5 18. d4 Bg4 19. d5 Nb8 20. h3 Bxf3 21. Bxf3 fxg3 22.
fxg3 Rxc2 23. Qxc2 Rxf3 24. Kg2 Rf7 25. Be3 Nd7 26. Rbc1 Nf6 1/2-1/2

[Event "Mistrzostwa Malopolski B"]
[Site "Krakow, Hotel Europejski"]
[Date "2013.??.??"]
[Round "3.4"]
[White "Kowalewski, Wladyslaw"]
[Black "Berek, Michal"]
[Result "0-1"]
[WhiteElo "1732"]
[BlackElo "1566"]
[PlyCount "82"]
[EventDate "2013.??.??"]

1. f4 d5 2. Nf3 Nc6 3. d4 Bf5 4. c3 Qd7 5. Ne5 Nxe5 6. fxe5 f6 7. Bf4 e6 8. Nd2
Ne7 9. e3 Ng6 10. Be2 fxe5 11. dxe5 Nxf4 12. exf4 O-O-O 13. O-O Bc5+ 14. Kh1
Rdg8 15. b4 Be7 16. g4 Bg6 17. f5 exf5 18. gxf5 Be8 19. Bg4 h5 20. Bh3 g5 21.
e6 Qc6 22. f6 Bxf6 23. Rxf6 Qxc3 24. Rf3 Qxb4 25. Rb1 Qe7 26. Rf7 Qa3 27. Qc2
Bxf7 28. Rb3 Bg6 29. Qc3 Qd6 30. Qd4 Kb8 31. Bg2 c6 32. Nc4 Qxe6 33. Ne5 Re8
34. Qb4 Rh7 35. Re3 Qf6 36. Qd4 Qf4 37. Qc5 Be4 38. Nxc6+ bxc6 39. Kg1 Rb7 40.
Re1 Rb2 41. Rxe4 Rb1+ 0-1

[Event "Mistrzostwa Malopolski B"]
[Site "Krakow, Hotel Europejski"]
[Date "2013.??.??"]
[Round "4.1"]
[White "Krzeminski, Sebastian"]
[Black "Berek, Michal"]
[Result "1-0"]
[WhiteElo "1669"]
[BlackElo "1566"]
[PlyCount "67"]
[EventDate "2013.??.??"]

1. d4 d5 2. c4 c6 3. e3 Nf6 4. Nf3 Nbd7 5. Nbd2 e6 6. Qc2 Be7 7. Bd3 O-O 8. O-O
Qc7 9. e4 dxe4 10. Nxe4 c5 11. d5 exd5 12. Nxf6+ Nxf6 13. cxd5 h6 14. Qc4 Bd6
15. Qh4 Nxd5 16. Bxh6 gxh6 17. Qxh6 f6 18. Bc4 Be6 19. Ng5 fxg5 20. Qxe6+ Kh8
21. Qh6+ Qh7 22. Qxd6 Nf6 23. Qxc5 Rac8 24. Qd4 Qe4 25. Qxe4 Nxe4 26. Bd5 Nc5
27. Rfd1 b6 28. f3 Na4 29. Rd2 Rfd8 30. Rad1 Re8 31. Be4 Nc5 32. Bf5 Rc7 33. b4
Na4 34. Bd7 1-0

[Event "Mistrzostwa Malopolski B"]
[Site "Krakow, Hotel Europejski"]
[Date "2013.??.??"]
[Round "4.2"]
[White "Tracz, Marcelina"]
[Black "Razny, Pawel"]
[Result "1-0"]
[WhiteElo "1711"]
[BlackElo "1584"]
[PlyCount "94"]
[EventDate "2013.??.??"]

1. e4 Nf6 2. Nc3 d6 3. d4 g6 4. g3 Bg7 5. Bg2 O-O 6. Nge2 Nc6 7. O-O e5 8. d5
Nb8 9. Qd3 a5 10. Nb5 Nbd7 11. c4 Nc5 12. Qc2 b6 13. Bd2 Nfd7 14. a3 a4 15. Nc1
Ba6 16. b4 axb3 17. Nxb3 Bxb5 18. cxb5 f5 19. Nxc5 Nxc5 20. a4 f4 21. f3 g5 22.
Bh3 Rf6 23. Bb4 Qe8 24. Bxc5 dxc5 25. Qc4 Rd6 26. a5 Bf8 27. a6 Kh8 28. Rf2 Rh6
29. Bg4 Ra7 30. Rg2 Bd6 31. Rb1 Rf6 32. Bf5 Qh5 33. gxf4 gxf4 34. Qe2 Ra8 35.
Kh1 Rf7 36. Be6 Rg7 37. Rbg1 Rg6 38. Bf5 Rf6 39. Rg5 Qh6 40. Qg2 Qf8 41. a7 c4
42. Rg8+ Qxg8 43. Qxg8+ Rxg8 44. Rxg8+ Kxg8 45. a8=Q+ Kg7 46. Qc6 Rf7 47. Qxc4
Re7 1-0

[Event "Mistrzostwa Malopolski B"]
[Site "Krakow, Hotel Europejski"]
[Date "2013.??.??"]
[Round "4.3"]
[White "Kolodziej, Krzysztof"]
[Black "Luczka, Szymon"]
[Result "1-0"]
[WhiteElo "1653"]
[BlackElo "1596"]
[PlyCount "81"]
[EventDate "2013.??.??"]

1. e4 d6 2. Nf3 Nf6 3. Nc3 g6 4. d4 Bg7 5. Be2 O-O 6. Be3 Ng4 7. Bg5 h6 8. Bh4
Nd7 9. Qd2 c5 10. d5 a6 11. a4 Re8 12. a5 b5 13. axb6 Qxb6 14. Na4 Qb7 15. O-O
Rb8 16. Rfb1 Ngf6 17. Nc3 Qb4 18. Ra4 Qb6 19. Nd1 g5 20. Bg3 Qa7 21. Qe3 Nb6
22. Ra3 Bb7 23. h3 Ra8 24. Nd2 Nfd7 25. Bh5 Nf6 26. Be2 Nfd7 27. b4 Bd4 28. Qd3
cxb4 29. Qxd4 bxa3 30. Ne3 Nf6 31. Rxb6 Nd7 32. Nf5 f6 33. Rb3 Qxd4 34. Nxd4
Nc5 35. Rxa3 a5 36. Nf5 Ba6 37. Bh5 Reb8 38. Nxe7+ Kh7 39. Bxd6 Rb2 40. Bxc5
Rxc2 41. Be3 1-0

[Event "Mistrzostwa Malopolski B"]
[Site "Krakow, Hotel Europejski"]
[Date "2013.??.??"]
[Round "4.4"]
[White "Adamczyk, Pawel"]
[Black "Kasperek, Kinga"]
[Result "1-0"]
[WhiteElo "1645"]
[BlackElo "1547"]
[PlyCount "43"]
[EventDate "2013.??.??"]

1. e4 c5 2. Nf3 Nc6 3. d4 cxd4 4. Nxd4 g6 5. c4 Bg7 6. Be3 Nh6 7. Nc3 d6 8. Be2
O-O 9. O-O f5 10. exf5 Nxf5 11. Nxf5 Bxf5 12. Qd2 Ne5 13. Bh6 Qe8 14. Bxg7 Kxg7
15. Nd5 Qf7 16. f4 Nd7 17. Rae1 Nc5 18. b4 Ne4 19. Qd4+ Nf6 20. g4 Be4 21. Nxf6
Qxf6 22. Qxe4 1-0

[Event "Mistrzostwa Malopolski B"]
[Site "Krakow, Hotel Europejski"]
[Date "2013.??.??"]
[Round "5.1"]
[White "Tracz, Marcelina"]
[Black "Krzeminski, Sebastian"]
[Result "1/2-1/2"]
[WhiteElo "1711"]
[BlackElo "1669"]
[PlyCount "78"]
[EventDate "2013.??.??"]

1. e4 c6 2. d4 d5 3. Nc3 dxe4 4. Nxe4 Bf5 5. Ng3 Bg6 6. h4 h6 7. Nf3 Nd7 8. h5
Bh7 9. Bd3 Bxd3 10. Qxd3 e6 11. Bf4 Qa5+ 12. Bd2 Qc7 13. O-O-O O-O-O 14. c4
Ngf6 15. Ne4 Ng4 16. Qe2 Ngf6 17. g3 Nxe4 18. Qxe4 Nf6 19. Qe2 c5 20. Bc3 Be7
21. Ne5 Bd6 22. Kb1 Bxe5 23. dxe5 Nd7 24. f4 Nb8 25. Qg4 Rhg8 26. f5 Qe7 27.
Rhf1 Nc6 28. Rxd8+ Kxd8 29. f6 Qf8 30. fxg7 Qxg7 31. Qxg7 Rxg7 32. Bd2 Rh7 33.
Bf4 Ke7 34. Kc2 a6 35. a3 Rh8 36. Kc3 Nd4 37. b4 Rg8 38. Rf2 Nf5 39. Rf3 Nd4
1/2-1/2

[Event "Mistrzostwa Malopolski B"]
[Site "Krakow, Hotel Europejski"]
[Date "2013.??.??"]
[Round "5.2"]
[White "Adamczyk, Pawel"]
[Black "Kolodziej, Krzysztof"]
[Result "1-0"]
[WhiteElo "1645"]
[BlackElo "1653"]
[PlyCount "99"]
[EventDate "2013.??.??"]

1. e4 b6 2. d4 Bb7 3. Bd3 e6 4. Nf3 Nf6 5. Qe2 Be7 6. O-O O-O 7. c4 c5 8. e5
Ne8 9. Be4 d5 10. exd6 Nxd6 11. Bxb7 Nxb7 12. Qe4 Qc8 13. dxc5 Bxc5 14. Ng5 g6
15. Qh4 h5 16. g4 Kg7 17. gxh5 Rh8 18. h6+ Rxh6 19. Nxe6+ Qxe6 20. Bxh6+ Kg8
21. Nc3 Be7 22. Qe4 Qxe4 23. Nxe4 Nc6 24. Bg5 Bxg5 25. Nxg5 Ne5 26. b3 Nc5 27.
Kg2 Kg7 28. Nf3 Ned3 29. Ne1 Nf4+ 30. Kh1 Rh8 31. f3 Nce6 32. Ng2 Ne2 33. Rf2
N6d4 34. Ne3 Re8 35. Nf1 Re5 36. Ng3 Nf4 37. Rd1 Nde6 38. Ne4 Nh3 39. Rff1 Rf5
40. Rd5 Rf4 41. Kg2 Rh4 42. Kg3 Rh8 43. f4 g5 44. Nxg5 Nexf4 45. Nxh3 Nxd5 46.
cxd5 f6 47. Nf4 Kf7 48. Re1 Rd8 49. Rc1 Rd7 50. Kg4 1-0

[Event "Mistrzostwa Malopolski B"]
[Site "Krakow, Hotel Europejski"]
[Date "2013.??.??"]
[Round "5.3"]
[White "Berek, Michal"]
[Black "Szczepanski, Henryk"]
[Result "1-0"]
[WhiteElo "1566"]
[BlackElo "1706"]
[PlyCount "98"]
[EventDate "2013.??.??"]

1. c4 e6 2. g3 Nf6 3. Nf3 c6 4. d4 d5 5. cxd5 cxd5 6. Bg2 Nc6 7. O-O Be7 8. Nc3
O-O 9. a3 a6 10. b4 Bd7 11. Bf4 Rc8 12. Qb3 Ne8 13. Rfd1 Nd6 14. Bxd6 Bxd6 15.
e4 dxe4 16. Nxe4 Be7 17. Nc5 Bxc5 18. dxc5 Qe8 19. Ng5 h6 20. Qd3 hxg5 21. Qxd7
Qxd7 22. Rxd7 Rb8 23. Rad1 g6 24. R1d6 Rfc8 25. Bxc6 bxc6 26. Ra7 a5 27. Rxa5
Rc7 28. Ra6 Rbc8 29. Kg2 Kg7 30. Kf3 Kf6 31. Ke4 g4 32. Rb6 Ra7 33. Rbxc6 Rxc6
34. Rxc6 Rxa3 35. b5 Ra4+ 36. Kd3 Ke5 37. Rd6 Rb4 38. b6 Rb1 39. Kc4 Rb2 40.
Rd7 Rxf2 41. b7 Rb2 42. c6 f5 43. Rd8 g5 44. b8=Q+ Rxb8 45. Rxb8 Kd6 46. Kb5 f4
47. gxf4 gxf4 48. Kb6 f3 49. Rd8+ Ke5 1-0

[Event "Mistrzostwa Malopolski B"]
[Site "Krakow, Hotel Europejski"]
[Date "2013.??.??"]
[Round "5.5"]
[White "Bandyk, Sebastian"]
[Black "Rojek, Stanislaw"]
[Result "1-0"]
[WhiteElo "1582"]
[BlackElo "1764"]
[PlyCount "107"]
[EventDate "2013.??.??"]

1. e4 c5 2. Nf3 d6 3. d4 cxd4 4. Nxd4 Nf6 5. f3 a6 6. c4 e6 7. Nc3 Be7 8. Be3
Qc7 9. Be2 Nbd7 10. O-O b6 11. a4 Bb7 12. a5 O-O 13. axb6 Nxb6 14. Qb3 Nbd7 15.
Rfc1 Rfe8 16. Qa2 Bf8 17. Bf2 Qb8 18. Kh1 h6 19. Rab1 Ne5 20. b4 Qd8 21. Na4 d5
22. exd5 exd5 23. c5 Nc6 24. Nb6 Rb8 25. Nxc6 Bxc6 26. Bg3 Rb7 27. Bxa6 Ra7 28.
b5 Bb7 29. Ra1 Bxc5 30. Rxc5 Qxb6 31. Bf2 d4 32. Bxd4 Qd6 33. Bg1 Bxa6 34. bxa6
Rea8 35. Rc8+ Rxc8 36. Bxa7 Ra8 37. Bg1 Nd7 38. a7 Qc6 39. Qa4 Qb7 40. Re1 Nb6
41. Qb5 Rxa7 42. Qxb6 Qxb6 43. Bxb6 Rb7 44. Bf2 Kh7 45. g3 Kg6 46. Kg2 Rd7 47.
g4 Rb7 48. Kg3 Rb3 49. Re3 Rb2 50. h4 Rb5 51. h5+ Kf6 52. Re4 Rb3 53. Bd4+ Kg5
54. Re5+ 1-0

[Event " Mistrzostwa Malopolski B"]
[Site "Krakow, Hotel Europejski"]
[Date "2013.??.??"]
[Round "6.1"]
[White "Krzeminski, Sebastian"]
[Black "Adamczyk, Pawel"]
[Result "0-1"]
[WhiteElo "1669"]
[BlackElo "1645"]
[PlyCount "62"]
[EventDate "2013.??.??"]

1. d4 d5 2. c4 c6 3. Nc3 e6 4. Nf3 dxc4 5. a4 Bb4 6. Bd2 b5 7. e3 Bb7 8. b3 a5
9. axb5 Bxc3 10. Bxc3 cxb5 11. bxc4 b4 12. Bd2 Nf6 13. Ne5 Nbd7 14. Qa4 O-O 15.
Nc6 Bxc6 16. Qxc6 e5 17. Be2 Re8 18. d5 Ne4 19. Bd3 Nxd2 20. Kxd2 e4 21. Be2
Qe7 22. Qa4 Nc5 23. Qc2 a4 24. Rhb1 Nb3+ 25. Rxb3 axb3 26. Qb2 Ra3 27. Qd4 Rea8
28. Rb1 Qf6 29. d6 Ra2+ 30. Ke1 Rxe2+ 31. Kxe2 Ra2+ 0-1

[Event "Mistrzostwa Malopolski B"]
[Site "Krakow, Hotel Europejski"]
[Date "2013.??.??"]
[Round "6.2"]
[White "Berek, Michal"]
[Black "Tracz, Marcelina"]
[Result "0-1"]
[WhiteElo "1566"]
[BlackElo "1711"]
[PlyCount "79"]
[EventDate "2013.??.??"]

1. c4 Nf6 2. g3 g6 3. Nc3 Bg7 4. Bg2 d6 5. d4 O-O 6. Nf3 Nc6 7. e4 a6 8. O-O
Bg4 9. Be3 Nd7 10. Qd2 Bxf3 11. Bxf3 e5 12. Ne2 Qf6 13. Bg4 Qe7 14. d5 Na7 15.
a4 Nc5 16. Bxc5 dxc5 17. a5 Qd6 18. Rfd1 Rfb8 19. Nc3 Bf8 20. Na4 Kg7 21. f4 b6
22. axb6 cxb6 23. Nc3 a5 24. f5 Be7 25. h4 Rb7 26. Rf1 Rf8 27. Rf2 Bf6 28. Raf1
b5 29. fxg6 fxg6 30. cxb5 Nxb5 31. Nxb5 Rxb5 32. Qe2 Rb3 33. Qc4 Rxg3+ 34. Rg2
Rxg2+ 35. Kxg2 Bxh4 36. Rh1 Be7 37. Be6 Qb6 38. Qc1 Rf4 39. Qc3 Bd6 40. Kg3 0-1

[Event "Mistrzostwa Malopolski B"]
[Site "Krakow, Hotel Europejski"]
[Date "2013.??.??"]
[Round "6.3"]
[White "Kowalewski, Wladyslaw"]
[Black "Pitynski, Pawel"]
[Result "1/2-1/2"]
[WhiteElo "1732"]
[BlackElo "1659"]
[PlyCount "38"]
[EventDate "2013.??.??"]

1. e4 c5 2. f4 d6 3. Nf3 Nc6 4. Bc4 e6 5. O-O a6 6. a4 Bd7 7. c3 Na5 8. Be2 Ne7
9. d4 c4 10. Nbd2 d5 11. Ne5 g6 12. f5 exf5 13. exf5 Bxf5 14. Nxf7 Kxf7 15. g4
Bh6 16. gxf5 Nxf5 17. Nxc4 Bxc1 18. Qxc1 Nxc4 19. Qh6 Ncd6 1/2-1/2

[Event "Mistrzostwa Malopolski B"]
[Site "Krakow, Hotel Europejski"]
[Date "2013.??.??"]
[Round "6.5"]
[White "Razny, Pawel"]
[Black "Luczka, Szymon"]
[Result "0-1"]
[WhiteElo "1584"]
[BlackElo "1596"]
[PlyCount "66"]
[EventDate "2013.??.??"]

1. Nf3 Nf6 2. g3 d5 3. c4 c6 4. b3 Bf5 5. Bg2 e6 6. O-O Be7 7. Bb2 O-O 8. d3
Nbd7 9. Nbd2 Qb6 10. e4 Bg6 11. Re1 Nc5 12. Qc2 Ng4 13. Re2 dxe4 14. dxe4 Rad8
15. h3 Nf6 16. Rd1 Nfxe4 17. Nxe4 Rxd1+ 18. Qxd1 Bxe4 19. Ba3 Bxf3 20. Bxf3 Rd8
21. Qc2 Qa5 22. Bc1 Bf6 23. Bd2 Qc7 24. Be3 Bd4 25. Bc1 Qxg3+ 26. Bg2 Nd3 27.
Be3 Bxe3 28. Rxe3 Qg6 29. Qd2 Qxg2+ 30. Kxg2 Nf4+ 31. Kf3 Rxd2 32. Kxf4 Rxf2+
33. Kg3 Rxa2 0-1